(Samo)ošetrovanie betónu

Gespeichert in:
Bibliographische Detailangaben
Hauptverfasser: Briatka, Peter, 1982- (Verfasst von), Makýš, Peter, 1965- (Verfasst von)
Weitere Verfasser: Vyparina, Marián (Rezension), Juríček, Ivan, 1942- (Rezension), Janotka, Ivan (Rezension)
Format: Buch
Sprache:Slowakisch
Veröffentlicht: Prešov : D.A.H., 2016
Ausgabe:1. vyd.
Schlagworte:
Tags: Tag hinzufügen
Keine Tags, Fügen Sie das erste Tag hinzu!

MARC

LEADER 00000nam a22000003a 4500
001 0019690
003 SK-STU
005 20220221133403.7
007 ta
008 161211s -------||||||||||-|||-||----d
020 |a 978-80-89682-11-9 
041 0 |a slo 
044 |a xo 
100 1 |4 aut  |a Briatka, Peter,  |d 1982-  |u 010270  |r Z8  |9 1  |U SvF Stavebná fakulta  |T SvF Katedra technológie stavieb  |X 23787  |U V270  |Y 28  |7 A000023787 
242 0 0 |a (Self)curing of concrete  |y eng 
245 1 0 |a (Samo)ošetrovanie betónu 
250 |a 1. vyd. 
260 |a Prešov :  |b D.A.H.,  |c 2016 
300 |a 72 s. 
650 |a ošetrovanie betónu 
650 |a betón 
650 |a pevnosť 
650 |a vlhkosť 
650 |a hydratácia 
650 |a concrete curing 
650 |a concrete 
650 |a strength 
650 |a moisture 
650 |a hydration 
700 1 |4 aut  |a Makýš, Peter,  |d 1965-  |u 010270  |r Z1  |9 99  |U SvF Stavebná fakulta  |T SvF Katedra technológie stavieb  |X 2751  |U V270  |Y 28  |7 A000002751 
700 1 |a Vyparina, Marián  |4 rev 
700 1 |a Juríček, Ivan,  |d 1942-  |u 010270  |r Z8  |4 rev  |U SvF Stavebná fakulta  |T SvF Katedra technológie stavieb  |X 878  |U V270  |Y 28  |7 A000000878 
700 1 |a Janotka, Ivan  |4 rev 
996 |b 284V040188  |c V* 52421/O-23578  |l VVT  |s A  |a 24  |w 0019690_0001